Sewage and sewage treatment (Record no. 395835)

MARC details
000 -LEADER
fixed length control field 00484 a2200193 4500
005 - DATE & TIME
control field 20260317091904.0
008 - FIXED-LENGTH DATA ELEMENTS--GENERAL INFORMATION
fixed length control field 260316b |||||||| |||| 00| 0 eng d
020 ## - ISBN
International Standard Book Number 9798887153155
Price $ 119.99
040 ## - CATALOGING SOURCE
Original cataloging agency VIVEKANANDA LIBRARY
082 ## - DDC NUMBER
Classification number 628.3
Book Number S92S
100 ## - MAIN ENTRY--PERSONAL NAME
Personal name Stuart, Jessie
245 ## - TITLE STATEMENT
Title Sewage and sewage treatment
260 ## - PUBLICATION, DISTRIBUTION, ETC. (IMPRINT)
Name of publisher, distributor, etc Oryson Press
Date of publication, distribution, etc 2024
Place of publication, distribution, etc New Delhi
300 ## - PHYSICAL DESCRIPTION
Pages vi, 254
650 ## - Subject
Subject Engineering
650 ## - Subject
Subject Sewage
650 ## - Subject
Subject Wastewater Treatment
942 ## - ADDED ENTRY ELEMENTS (KOHA)
Koha item type Books
Holdings
Withdrawn status Lost status Source of classification or shelving scheme Damaged status Not for loan Location (home branch) Sublocation or collection (holding branch) Shelving location Date acquired Koha issues (times borrowed) Koha full call number Accession No. Koha date last seen Koha item type
    Dewey Decimal Classification     VIVEKANANDA LIBRARY VIVEKANANDA LIBRARY Vivekananda Library 11/02/2026   628.3 S92S 438289 11/02/2026 Books
© Designed and Maintained by Vivekananda Library, MDU Rohtak